000
00218nam a22000857a 4500
008
160720b xxu||||| |||| 00| 0 eng d
100
_9
3080
_a
Godkar P
245
_a
Medical Laboratory
260
_a
Mumbai
_b
BPI Publication
_c
2011
999
_c
2643
_d
2643